[Event "FSIM Nov"]
[Site "Budapest HUN"]
[Date "2002.11.08"]
[Round "7"]
[White "Ilfeld,E"]
[Black "Alfred,N"]
[Result "1/2-1/2"]
[WhiteElo "2176"]
[BlackElo "2251"]

1.e4 c5 2.Nc3 Nc6 3.Nge2 Nf6 4.d4 cxd4 5.Nxd4 e5 6.Ndb5 d6 7.Bg5 a6 8.Na3 b5
9.Bxf6 gxf6 10.Nd5 f5 11.c3 Bg7 12.exf5 Bxf5 13.Nc2 Be6 14.Nce3 Ne7 15.a4 Nxd5
16.Nxd5 O-O 17.Be2 e4 18.axb5 axb5 19.Rxa8 Qxa8 20.Nc7 Qc6 21.Nxe6 fxe6 22.Qb3 d5
23.O-O Qc5 24.Qxb5 Qxb5 25.Bxb5 Rb8 26.Bd7 Kf7 27.b4 Bxc3 28.b5 Ke7 29.Bc6 Kd6
30.Rc1 Bd4 31.Re1 Rf8 32.Re2 h5 33.g3 h4 34.gxh4 Rh8 35.h3 Rxh4 36.Kg2 Rh7
37.Ra2 Rg7+ 38.Kf1 Ke5 39.Rc2 Kf4 40.Be8 Rh7 41.Kg2 e3 42.fxe3+ Bxe3 43.Rc6 Rg7+
44.Kf1 Rg1+  1/2-1/2

[Event "WYb16"]
[Site "Heraklio GRE"]
[Date "2002.11.15"]
[Round "1"]
[White "Zamarbide Inarrea,B"]
[Black "Wojtaszek,R"]
[Result "0-1"]
[WhiteElo "2164"]
[BlackElo "2452"]

1.e4 c5 2.Nc3 Nc6 3.Bb5 Nd4 4.Bc4 e6 5.Nge2 Nf6 6.d3 d5 7.Bb3 Nxb3 8.axb3 Be7
9.O-O O-O 10.Ng3 b6 11.Bf4 Bb7 12.Re1 d4 13.Nb1 b5 14.Nd2 a6 15.Nh5 Nxh5
16.Qxh5 f6 17.e5 f5 18.Nf3 Qe8 19.Qxe8 Rfxe8 20.Bg5 Bf8 21.h4 h6 22.Bf4 Be7
23.h5 Reb8 24.Nd2 Bc6 25.f3 Ra7 26.Kf2 a5 27.Rg1 Rf8 28.g4 Kh7 29.g5 hxg5
30.Bxg5 Bxg5 31.Rxg5 Bd5 32.Rh1 a4 33.h6 g6 34.bxa4 Rxa4 35.Rhg1 Rg8 36.f4 Ra2
37.Rb1 Kxh6 38.Nf3 Kg7 39.Nh4 Kf7 40.Rbg1 Rxb2  0-1

[Event "WYb18"]
[Site "Heraklio GRE"]
[Date "2002.11.16"]
[Round "2"]
[White "Petrosian,TL"]
[Black "Grachev,B"]
[Result "1-0"]
[WhiteElo "2324"]
[BlackElo "2489"]

1.e4 c5 2.Nc3 Nc6 3.Bb5 Nd4 4.Bc4 g6 5.Nf3 Bg7 6.Nxd4 cxd4 7.Qf3 Nh6 8.Ne2 O-O
9.d3 d6 10.h3 Be6 11.Bxh6 Bxh6 12.Bxe6 fxe6 13.Qg4 e5 14.Qe6+ Kg7 15.O-O Rf6
16.Qb3 Qd7 17.c3 dxc3 18.bxc3 Qc6 19.Rab1 b6 20.Qd5 Qxd5 21.exd5 e6 22.c4 exd5
23.cxd5 Kf8 24.Nc3 Ke7 25.a4 Rff8 26.Ne4 Rab8 27.Rb2 Rfc8 28.Re1 Rb7 29.g3 Bc1
30.Rb3 Rc2 31.d4 Bb2 32.dxe5 dxe5 33.Rf3 Rd7 34.d6+ Ke6 35.Rf6+ Kd5 36.Rf8 Bd4
37.Kh1 Rxd6 38.Nxd6 Kxd6 39.f4 Bf2 40.Rxe5 Bxg3 41.Rf6+ Kd7 42.Re3 Bf2 43.Rf7+ Kd6
44.Re4 Kd5 45.Re5+ Kc4 46.a5 Ra2 47.Rxa7 bxa5 48.Rexa5 Re2 49.Rxh7 Bd4 50.Rc7+ Kb4
51.Ra8  1-0

[Event "Tch-SWE 2002-3"]
[Site "Sweden SWE"]
[Date "2002.11.16"]
[Round "4"]
[White "Von Bahr,O"]
[Black "Barkhagen,J"]
[Result "1-0"]
[WhiteElo "2320"]
[BlackElo "2458"]

1.e4 c5 2.Nf3 Nc6 3.Nc3 Nf6 4.d4 cxd4 5.Nxd4 d6 6.Bg5 e6 7.Qd2 a6 8.O-O-O Nxd4
9.Qxd4 Be7 10.f4 b5 11.Bxf6 gxf6 12.e5 d5 13.Kb1 Bb7 14.f5 fxe5 15.Qxe5 Bf6
16.Qg3 Qe7 17.fxe6 fxe6 18.Be2 h5 19.a4 d4 20.axb5 h4 21.Qg4 dxc3 22.Bc4 Bc8
23.Rhf1 Rf8 24.Rfe1 e5 25.Qg6+ Rf7 26.Rf1 Be6 27.Bxe6  1-0

[Event "WYg16"]
[Site "Heraklio GRE"]
[Date "2002.11.17"]
[Round "3"]
[White "Zdebskaja,N"]
[Black "Solic,K"]
[Result "1-0"]
[WhiteElo "2260"]
[BlackElo "2117"]

1.e4 c5 2.Nf3 Nc6 3.Nc3 d6 4.d4 cxd4 5.Nxd4 Nf6 6.g3 g6 7.Nde2 Bg7 8.Bg2 O-O
9.O-O Be6 10.a4 Rc8 11.Nd5 Bxd5 12.exd5 Ne5 13.Ra2 Qa5 14.b3 Rc5 15.c4 a6
16.Bd2 Qd8 17.Be3 Rc8 18.Bd4 Ned7 19.Nc3 Re8 20.Re1 Qa5 21.Rae2 Bf8 22.Bh3 Qc7
23.Bxf6 Nxf6 24.Bxc8 Qxc8 25.Ne4 Nxe4 26.Rxe4 Qd7 27.Qd3 Bg7 28.Qe3 Bf6 29.Qb6 Kg7
30.f4 h5 31.c5 dxc5 32.d6 Bd4+ 33.Kg2 h4 34.Rxe7 h3+ 35.Kf3 Qf5 36.R1e4 Rf8
37.d7 Qd5 38.Qe6 Qh5+ 39.g4 Qh4 40.Rxd4 cxd4 41.d8=R  1-0

[Event "WYb16"]
[Site "Heraklio GRE"]
[Date "2002.11.17"]
[Round "3"]
[White "Pashikian,A"]
[Black "Wojtaszek,R"]
[Result "0-1"]
[WhiteElo "2304"]
[BlackElo "2452"]

1.e4 c5 2.Nc3 Nc6 3.Bb5 Nd4 4.Bc4 e6 5.Nf3 Nf6 6.O-O a6 7.e5 d5 8.exf6 dxc4
9.fxg7 Bxg7 10.d3 cxd3 11.cxd3 O-O 12.Ne4 b6 13.Bg5 f6 14.Bf4 Bb7 15.Re1 e5
16.Bd2 Ne6 17.Be3 c4 18.Ng3 Qxd3 19.Bxb6 Bxf3 20.Qxf3 Qxf3 21.gxf3 Rab8 22.Be3 Rxb2
23.Nf5 Rf7 24.Reb1 Rfb7 25.Rc1 Rc7 26.Rc3 Bf8 27.Rac1 Rb4 28.Kg2 Kf7 29.Bd2 Ra4
30.R1c2 Nd4  0-1

[Event "WYg14"]
[Site "Heraklio GRE"]
[Date "2002.11.17"]
[Round "4"]
[White "Ambartsumova,K"]
[Black "Rogule,L"]
[Result "1/2-1/2"]
[WhiteElo "2139"]
[BlackElo "2213"]

1.e4 c5 2.Nc3 Nc6 3.Nf3 Nf6 4.d4 cxd4 5.Nxd4 e6 6.g3 Bb4 7.Bg2 d5 8.exd5 Nxd5
9.Nxc6 bxc6 10.O-O O-O 11.Ne2 Qc7 12.c4 Nb6 13.Qc2 Be7 14.Qe4 Bb7 15.Bf4 Qc8
16.Rac1 Bf6 17.b3 Rd8 18.Rcd1 Rd7 19.c5 Nd5 20.Be5 Bxe5 21.Qxe5 Qf8 22.Rc1 Ba6
23.a3 Rad8 24.Rfe1 Bxe2 25.Qxe2 Rb7 26.Qc4 a5 27.Re2 Rdb8 28.Rb2 Qe7 29.Rcb1 Rb5
30.Rc2 Qb7 31.Rcb2 Qe7 32.Rc2 Qb7  1/2-1/2

[Event "WYg18"]
[Site "Heraklio GRE"]
[Date "2002.11.18"]
[Round "5"]
[White "Vasilevich,I"]
[Black "Machalova,M"]
[Result "1/2-1/2"]
[WhiteElo "2251"]
[BlackElo "2124"]

1.e4 c5 2.Nf3 Nc6 3.Nc3 g6 4.d4 cxd4 5.Nxd4 Bg7 6.Nde2 Nf6 7.g3 d6 8.Bg2 O-O
9.O-O Bd7 10.h3 Rc8 11.a4 Qa5 12.Nd5 Nxd5 13.exd5 Ne5 14.Ra2 Bb5 15.b3 Bxe2
16.Qxe2 Rfe8 17.Kh1 Nd7 18.f4 e5 19.dxe6 Rxe6 20.Qf2 Rce8 21.c4 Nc5 22.f5 Ne4
23.Bxe4 Rxe4 24.fxg6 fxg6 25.Qf7+ Kh8 26.Raf2 R4e7 27.Qf3 Bd4 28.Bd2 Qc5
29.Rg2 Qc6 30.Bc3 Bxc3 31.Qxc3+ Rg7 32.Qf3  1/2-1/2

[Event "WYb14"]
[Site "Heraklio GRE"]
[Date "2002.11.19"]
[Round "6"]
[White "Ramirez,Al"]
[Black "Lenic,L"]
[Result "1/2-1/2"]
[WhiteElo "2421"]
[BlackElo "2257"]

1.e4 c5 2.Nf3 Nc6 3.Nc3 e5 4.Bc4 d6 5.d3 Be7 6.Nd2 Nf6 7.Nf1 O-O 8.Ne3 Na5
9.O-O a6 10.f4 Nxc4 11.dxc4 exf4 12.Rxf4 Be6 13.Nf5 Qd7 14.Qf1 Bxf5 15.Rxf5 Qe6
16.Bg5 h6 17.Bh4 Rae8 18.Re1 Ng4 19.Bg3 g6 20.Rd5 Nf6 21.Rdd1 Nh5 22.Bf2 Rd8
23.Nd5 Bg5 24.Be3 Kg7 25.Qf3 Qe5 26.c3 Rfe8 27.Bf2 f5 28.exf5 Qxf5 29.Qxf5 gxf5
30.Nc7 Rxe1+ 31.Rxe1 Kf7 32.Nd5 Re8 33.Rxe8 Kxe8 34.Kf1 Kd7 35.b3  1/2-1/2

[Event "40th Ann Open"]
[Site "Curacao AHO"]
[Date "2002.11.20"]
[Round "3"]
[White "Macieja,B"]
[Black "Gallegos,Ca"]
[Result "1-0"]
[WhiteElo "2615"]
[BlackElo "2432"]

1.e4 c5 2.Nc3 Nc6 3.Nf3 g6 4.d4 cxd4 5.Nxd4 Bg7 6.Be3 Nf6 7.Bc4 O-O 8.Bb3 d6
9.f3 Bd7 10.Qd2 Rc8 11.O-O-O Ne5 12.Kb1 Nc4 13.Bxc4 Rxc4 14.g4 h5 15.gxh5 Nxh5
16.Nde2 Be6 17.Bh6 Qa5 18.Bxg7 Kxg7 19.Rhg1 Rfc8 20.Nd4 Rxc3 21.Nxe6+ fxe6
22.bxc3 Qxc3 23.Qxc3+ Rxc3 24.e5 d5 25.Rd3 Rc7 26.Rd4 Rc3 27.Rdg4 Rxf3 28.Rxg6+ Kf7
29.R6g5  1-0

[Event "Kubanskaja Osen"]
[Site "Krasnodar RUS"]
[Date "2002.11.20"]
[Round "6"]
[White "Tseshkovsky,V"]
[Black "Andreev,Ed"]
[Result "0-1"]
[WhiteElo "2545"]
[BlackElo "2466"]

1.e4 c5 2.Nc3 Nc6 3.Nf3 d6 4.d4 cxd4 5.Nxd4 Nf6 6.Bg5 e6 7.Qd2 a6 8.O-O-O Bd7
9.f4 b5 10.Bxf6 gxf6 11.Nxc6 Bxc6 12.Qe1 b4 13.Nd5 a5 14.Bd3 Bg7 15.g4 h5
16.Rg1 Bh6 17.Kb1 Kf8 18.Nxf6 Qxf6 19.g5 Qxf4 20.gxh6 Rxh6 21.c3 Rb8 22.cxb4 Rxb4
23.Qc3 Qe5 24.Qc2 Rg6 25.Rxg6 fxg6 26.a3 Rb7 27.h4 Kg7 28.Rg1 Qd4 29.Rg3 e5
30.Ka1 Ba4 31.Qg2 Be8 32.Bb1 Bf7 33.Rd3 Qc5 34.Qd2 Rd7 35.Rc3 Qb6 36.Rd3 Qd8
37.Qf2 Rb7 38.Rg3 Rc7 39.Rf3 Bg8 40.Qe1 Rf7 41.Rg3 Qc7 42.Rc3 Qb6 43.Rc2 Qb5
44.Rc1 Qb6 45.Rc2 Rf4 46.Qc1 Qb5 47.Rc7+ Bf7 48.Qd2 Qb6 49.Rd7 Rf1  0-1

[Event "WYb14"]
[Site "Heraklio GRE"]
[Date "2002.11.21"]
[Round "7"]
[White "Schneider,Ig"]
[Black "Mamedov,Rau"]
[Result "0-1"]
[WhiteElo "2221"]
[BlackElo "2366"]

1.e4 c5 2.Nf3 Nc6 3.Nc3 Nf6 4.d4 cxd4 5.Nxd4 e5 6.Nb3 Bb4 7.Bc4 O-O 8.O-O Bxc3
9.bxc3 Qe7 10.Qe2 d6 11.Ba3 Be6 12.Rfd1 Rfd8 13.Rd2 Rd7 14.Rad1 Rad8 15.Nc1 h6
16.Bb3 Bxb3 17.cxb3 Qe6 18.Nd3 b6 19.Bb2 d5 20.exd5 Rxd5 21.Ne1 Qf5 22.Rxd5 Rxd5
23.Rxd5 Nxd5 24.Qd3 e4 25.Qc2 Nf4 26.Qd2 Ne5 27.c4 Ned3 28.Nxd3 exd3 29.g3 Nh3+
30.Kg2 Ng5 31.Qd1 d2 32.f4 Qe4+  0-1

[Event "WYb14"]
[Site "Heraklio GRE"]
[Date "2002.11.21"]
[Round "8"]
[White "Lenic,L"]
[Black "Zhigalko,S"]
[Result "1/2-1/2"]
[WhiteElo "2257"]
[BlackElo "2300"]

1.e4 c5 2.Nf3 Nc6 3.Nc3 e5 4.Bc4 d6 5.d3 Be7 6.Nd2 Nf6 7.Nf1 O-O 8.Ne3 Nd7
9.O-O Bg5 10.Ncd5 Nb6 11.Nxb6 axb6 12.c3 Bxe3 13.Bxe3 Kh8 14.Qd2 Be6 15.Bxe6 fxe6
16.d4 exd4 17.cxd4 cxd4 18.Bxd4 Ra4 19.Bc3 Rxe4 20.f3 Rh4 21.Rfe1 e5 22.Rad1 Rh6
23.Re3 Qh4 24.g3 Qh5 25.Rd3 Rhf6 26.f4 R6f7 27.Rd5 Qh3 28.Qg2  1/2-1/2

[Event "WYg18"]
[Site "Heraklio GRE"]
[Date "2002.11.21"]
[Round "8"]
[White "Meshcheriakova,E"]
[Black "Kopinits,A"]
[Result "1-0"]
[WhiteElo "2288"]
[BlackElo "2125"]

1.e4 c5 2.Nf3 Nc6 3.Nc3 Nf6 4.Bb5 Nd4 5.e5 Nxb5 6.Nxb5 Nd5 7.Ng5 Qb6 8.Qf3 f6
9.Qxd5 fxg5 10.a4 a6 11.Nc3 Qc6 12.d3 h6 13.a5 g6 14.O-O Bg7 15.f4 gxf4 16.Bxf4 Rf8
17.Qc4 b5 18.axb6 Bb7 19.Ne4 Rc8 20.Be3 Rf5 21.Qg8+  1-0

[Event "Kubanskaja Osen"]
[Site "Krasnodar RUS"]
[Date "2002.11.21"]
[Round "7"]
[White "Bryzgalin,K"]
[Black "Gasanov,E"]
[Result "1-0"]
[WhiteElo "2439"]
[BlackElo "2473"]

1.e4 c5 2.Nc3 Nc6 3.Nge2 Nd4 4.Nxd4 cxd4 5.Ne2 Nf6 6.e5 Ng4 7.f4 e6 8.g3 Qb6
9.Ng1 Nh6 10.Nf3 d6 11.Bd3 dxe5 12.fxe5 Bd7 13.O-O Nf5 14.b3 Bc6 15.Bb2 h5
16.Qe2 O-O-O 17.a3 Be7 18.Qf2 g5 19.Bxf5 exf5 20.Nxg5 Bxg5 21.Qxf5+ Kb8 22.Qxg5 Qc5
23.Qf4 Qd5 24.Kf2 Rhe8 25.Ke1 Rxe5+ 26.Kd1 Ka8 27.Kc1 Re4 28.Qf2 d3 29.Bc3 dxc2
30.Kxc2 Qd3+ 31.Kb2 Re2 32.Qf4 Rxh2 33.Rae1 Re2 34.Rxe2 Qxe2 35.Rf2 Qd1 36.Rf1 Qe2
37.Qf6 Qd3 38.Re1 Rc8 39.Re3 Qd7 40.Re5 Qd3 41.Qxf7 Be4 42.a4 Bg6 43.Qe6 Rf8
44.Rg5 Be4 45.Rg8 Qc2+ 46.Ka3 Qc1+ 47.Bb2 Qf1 48.Qc8+  1-0

[Event "WYb12"]
[Site "Heraklio GRE"]
[Date "2002.11.23"]
[Round "10"]
[White "Recuero Guerra,D"]
[Black "Can,E"]
[Result "1/2-1/2"]
[WhiteElo "2082"]
[BlackElo "2185"]

1.e4 c5 2.Nc3 Nc6 3.Bb5 g6 4.Bxc6 dxc6 5.f4 Bg7 6.Nf3 Bg4 7.O-O Nf6 8.d3 O-O
9.Be3 b6 10.h3 Bxf3 11.Qxf3 Qd7 12.Rad1 Rad8 13.g4 Qc7 14.f5 Nd7 15.g5 Bd4
16.Bxd4 cxd4 17.Ne2 Qe5 18.Qg4 Qg7 19.Kh1 c5 20.Qh4 Qe5 21.f6 exf6 22.gxf6 Kh8
23.Rf2 Rg8 24.Rdf1 Rde8 25.Ng1 Qh5 26.Qxh5 gxh5 27.Rf5 Rg6 28.Rxh5 Rxf6 29.Rxf6 Nxf6
30.Rf5 Kg7 31.Nf3 h6 32.Kg2 Nd7 33.Kg3 Re6 34.Nh4 Ne5 35.Rh5 Nc6 36.a3 Ne7
37.Nf5+ Nxf5+ 38.Rxf5 Rg6+ 39.Kf2 Kf8 40.a4 Ke7 41.b3  1/2-1/2

[Event "WYg18"]
[Site "Heraklio GRE"]
[Date "2002.11.23"]
[Round "10"]
[White "Meshcheriakova,E"]
[Black "Tsereteli,T"]
[Result "1/2-1/2"]
[WhiteElo "2288"]
[BlackElo "2316"]

1.e4 c5 2.Nf3 Nc6 3.Nc3 Nf6 4.Bb5 g6 5.Bxc6 bxc6 6.d3 Bg7 7.Be3 d6 8.h3 O-O
9.Qd2 Rb8 10.Rb1 Re8 11.Bh6 Bh8 12.Ng5 e5 13.O-O Nh5 14.Nf3 Bg7 15.Be3 Rf8
16.Nh2 f5 17.f3 Be6 18.b3 f4 19.Bf2 g5 20.Rfd1 Nf6 21.Kf1 h5 22.Ke2 Nd7 23.Rh1 Qf6
24.Rbf1 Bh6 25.Kd1 Kg7 26.Qe2 d5 27.Kc1 c4 28.exd5 cxd5 29.dxc4 e4 30.fxe4 Qxc3
31.exd5 Bf5 32.Nf3 Qa1+ 33.Kd2 Qxa2 34.Nd4 Qa5+ 35.Kd1 Qa1+ 36.Kd2 Qa5+ 37.Kd1  1/2-1/2

[Event "74th ch-GER"]
[Site "Saarbruecken GER"]
[Date "2002.11.23"]
[Round "2"]
[White "Mueller,Ka"]
[Black "Mayer,F1"]
[Result "1/2-1/2"]
[WhiteElo "2518"]
[BlackElo "2256"]

1.e4 c5 2.Nf3 Nc6 3.Nc3 e5 4.Bc4 Be7 5.d3 d6 6.Nd2 Bg5 7.Nf1 Bxc1 8.Rxc1 Nh6
9.Ne3 O-O 10.O-O Kh8 11.f4 f5 12.Qh5 Bd7 13.fxe5 Nxe5 14.Nxf5 Nxf5 15.exf5 Rxf5
16.Rxf5 g6 17.Qg5 Bxf5 18.Qxd8+ Rxd8 19.Bd5 b6 20.Re1 Bd7 21.a3 Kg7 22.Re4 Kf6
23.d4 Nc6 24.Rf4+ Kg5 25.Rf7 Nxd4 26.Ne4+ Kh6 27.h4 Bf5 28.Ng5 Rd7 29.c3 Ne2+
30.Kf2 Nf4 31.Bc6 Rxf7 32.Nxf7+ Kg7 33.Nxd6 Nd3+ 34.Ke2 Nxb2 35.Kd2 Be6 36.Bb5 Kf6
37.Ne4+ Ke5 38.Ng5 Bc4 39.Be8 Bd5 40.Nxh7 Bxg2 41.Bxg6 Nc4+ 42.Kc1 Nxa3 43.h5 Be4
44.Bxe4 Kxe4 45.h6 Kf5 46.Ng5 Kg6 47.h7 Kg7 48.Nf7 Kxh7 49.Nd6 b5 50.Nb7 b4
51.cxb4 cxb4 52.Kb2 Kh8  1/2-1/2

[Event "WYb18"]
[Site "Heraklio GRE"]
[Date "2002.11.24"]
[Round "11"]
[White "Shanava,K"]
[Black "Carron,J"]
[Result "1-0"]
[WhiteElo "2412"]
[BlackElo "2268"]

1.e4 c5 2.Nf3 Nc6 3.Nc3 e5 4.Bc4 d6 5.d3 Be7 6.Nd2 Bg5 7.Nf1 Bxc1 8.Rxc1 Nf6
9.Ne3 O-O 10.O-O Be6 11.Ncd5 Rb8 12.a3 b5 13.Ba2 Nd7 14.Kh1 g6 15.f4 exf4
16.Rxf4 Nce5 17.d4 cxd4 18.Qxd4 Rc8 19.Rcf1 a5 20.Bb3 Rc5 21.Nf6+ Nxf6 22.Rxf6 Re8
23.Bxe6 Rxe6 24.Rxe6 fxe6 25.Rd1 Qg5 26.Qxd6 Qxe3 27.Rf1 Nf3 28.Qxe6+ Kg7
29.Qe7+ Kg8 30.h3 Rxc2 31.Rxf3 Rc1+ 32.Kh2 Qg1+ 33.Kg3 Qe1+ 34.Kg4 h5+ 35.Kg5 Qd2+
36.Kh4 Qe1+ 37.g3 Rc8 38.Rf6 g5+ 39.Kxh5  1-0

[Event "WYg18"]
[Site "Heraklio GRE"]
[Date "2002.11.24"]
[Round "11"]
[White "Rohonyan,K"]
[Black "Tsereteli,T"]
[Result "1-0"]
[WhiteElo "2320"]
[BlackElo "2316"]

1.e4 c5 2.Nf3 Nc6 3.Nc3 Nf6 4.Bb5 g6 5.h3 Qc7 6.O-O Bg7 7.Re1 a6 8.e5 axb5
9.Nxb5 Qb8 10.exf6 Bxf6 11.d4 cxd4 12.Bh6 Ra5 13.a4 d6 14.c3 Be6 15.Nfxd4 Nxd4
16.cxd4 Bc4 17.Qf3 Kd7 18.Qc3 Rxb5 19.axb5 Bxb5 20.Qb3 Ba6 21.Qa4+ Kd8 22.Bd2 e6
23.d5 e5 24.Rac1 Ke7 25.Bb4 Rd8 26.f4 e4 27.Bc3 Bxc3 28.Qxe4+ Be5 29.fxe5 dxe5
30.Qh4+ Ke8 31.Qxh7 Qa7+ 32.Kh1  1-0

[Event "ch-ROM"]
[Site "Curtea de Arges ROM"]
[Date "2002.11.28"]
[Round "3.2"]
[White "Sofronie,I"]
[Black "Parligras,M"]
[Result "0-1"]
[WhiteElo "2460"]
[BlackElo "2490"]

1.e4 c5 2.Nc3 Nc6 3.Nge2 Nf6 4.g3 g6 5.d4 cxd4 6.Nxd4 Bg7 7.Nde2 d6 8.h3 O-O
9.Bg2 Rb8 10.a4 a6 11.O-O b5 12.axb5 axb5 13.Be3 b4 14.Nd5 Nd7 15.Nd4 Bxd4
16.Bxd4 e6 17.Ne3 e5 18.Ba7 Rb7 19.Qxd6 Nxa7  0-1

[Event "ch-ITA"]
[Site "Montecatini Terme ITA"]
[Date "2002.11.28"]
[Round "10"]
[White "Di Paolo,R"]
[Black "Buchicchio,G"]
[Result "1-0"]
[WhiteElo "2340"]
[BlackElo "2254"]

1.e4 c5 2.Nf3 Nc6 3.Nc3 e5 4.Bc4 d6 5.d3 h6 6.O-O g5 7.Nd5 Bg7 8.c3 Nge7
9.Re1 Be6 10.a3 Qd7 11.b4 b6 12.h4 gxh4 13.Nxh4 O-O-O 14.Qa4 Nb8 15.Nxe7+ Qxe7
16.Bxe6+ Qxe6 17.Nf5 Rdg8 18.Qxa7 Bf6 19.Qxb6 h5 20.Qxd6  1-0

[Event "30th Ann"]
[Site "Taastrup DEN"]
[Date "2002.11.28"]
[Round "7"]
[White "Hansen,LH"]
[Black "Nielsen,JM"]
[Result "1-0"]
[WhiteElo "2131"]
[BlackElo "2128"]

1.e4 c5 2.Nf3 Nc6 3.Nc3 e5 4.d3 d6 5.Nd5 Nge7 6.Bg5 h6 7.Bh4 Qa5+ 8.Nc3 g5
9.Bg3 f5 10.exf5 Bxf5 11.Be2 Nd5 12.Nd2 Nxc3 13.Bh5+ Kd8 14.bxc3 Qxc3 15.O-O Nb4
16.Qf3 Qxd2 17.Qxf5 Be7 18.Bg4 Ke8 19.Qd7+ Kf8 20.Rad1  1-0

[Event "TCh-CZE 2002-3"]
[Site "Czech Rep CZE"]
[Date "2002.11.30"]
[Round "3"]
[White "Movsesian,S"]
[Black "Jansa,Vl"]
[Result "1/2-1/2"]
[WhiteElo "2663"]
[BlackElo "2504"]

1.e4 c5 2.Nf3 Nc6 3.Nc3 d6 4.d4 cxd4 5.Nxd4 Nf6 6.f3 e6 7.Be3 Be7 8.Qd2 O-O
9.g4 d5 10.g5 Nxd4 11.Qxd4 Nh5 12.Rg1 dxe4 13.Qxe4 g6 14.Bd3 Qc7 15.O-O-O Bd7
16.Bb5 Bc6 17.Bxc6 bxc6 18.Ne2 Rfd8 19.Bd4 Rd5 20.h4 Rad8 21.c4 R5d7 22.Bc3 Bf8
23.Nd4 Bg7 24.Ne2  1/2-1/2

[Event "Baharov Mem"]
[Site "Borovec BUL"]
[Date "2002.12.01"]
[Round "1"]
[White "Ermenkov,E"]
[Black "Ilchov,R"]
[Result "1-0"]
[WhiteElo "2463"]
[BlackElo "2129"]

1.e4 c5 2.Nc3 Nc6 3.Nge2 Nf6 4.g3 d6 5.Bg2 a6 6.O-O e6 7.d4 cxd4 8.Nxd4 Qc7
9.a4 Bd7 10.Nb3 b6 11.f4 Be7 12.Be3 O-O 13.g4 Bc8 14.g5 Nd7 15.Qh5 g6 16.Qh4 Re8
17.Rad1 Rb8 18.Nd4 Nb4 19.Rd2 Bf8 20.Rf3 Bg7 21.Rh3 Nf8 22.e5 d5 23.Nd1 Bd7
24.Nf2 Qd8 25.Ng4 h5 26.Nf6+ Bxf6 27.gxf6 Nh7 28.c3 Na2 29.Bf1 Nxf6 30.exf6 e5
31.fxe5 Bxh3 32.Bxh3 Rxe5 33.Nc6 Qe8 34.Nxe5 Qxe5 35.Bf4 Qe4 36.Qg5  1-0

[Event "ch-POL w sf"]
[Site "Lubniewice POL"]
[Date "2002.12.01"]
[Round "2"]
[White "Hermanowicz,D"]
[Black "Chlost,M"]
[Result "1-0"]
[WhiteElo "2116"]
[BlackElo "2062"]

1.e4 c5 2.Nf3 Nc6 3.Nc3 e5 4.Bc4 Be7 5.O-O Nf6 6.d3 d6 7.Ng5 O-O 8.f4 Bg4
9.Qe1 Nd4 10.Qh4 h6 11.Nxf7 Rxf7 12.Bxf7+ Kxf7 13.fxe5 dxe5 14.Qxg4 Nxc2
15.Rb1 Qxd3 16.Bxh6 gxh6 17.Nd5 Qd4+ 18.Kh1 Ne3 19.Nxe3 Qxe3 20.Qh5+ Kg7
21.Qxe5 Re8 22.Rxf6 Bxf6 23.Qxe8 Qd3 24.Re1 Qd2 25.Rf1 Qd3 26.Rg1 Bd4 27.Qd7+ Kh8
28.Qe8+ Kg7 29.Qe7+ Kg8 30.Qe6+ Kh8 31.Qxh6+ Kg8 32.Qg6+  1-0

[Event "ch-POL w sf"]
[Site "Lubniewice POL"]
[Date "2002.12.01"]
[Round "2"]
[White "Jackowska,A"]
[Black "Kupczyk,E"]
[Result "1/2-1/2"]
[WhiteElo "2015"]
[BlackElo "2047"]

1.e4 c5 2.Nc3 Nc6 3.Bb5 Nd4 4.Bc4 g6 5.Nf3 Bg7 6.Nxd4 cxd4 7.Qf3 e6 8.Nb5 d6
9.Qa3 Be5 10.c3 dxc3 11.dxc3 d5 12.exd5 exd5 13.Bd3 Ne7 14.O-O O-O 15.Re1 Nc6
16.Be3 Be6 17.Rad1 Qf6 18.Qa4 a6 19.Nd4 b5 20.Qc2 Rfc8 21.Nf3 Bd6 22.Qd2 b4
23.Bg5 Qh8 24.Bc2 bxc3 25.bxc3 Ne5 26.Nd4 Bg4 27.f3 Bd7 28.Bb3 Nc4 29.Bxc4 Rxc4
30.Be7 Be5 31.Qg5 f6 32.Bxf6 Qxf6 33.Rxe5 Qxg5 34.Rxg5 Rxc3 35.Rxd5 Ba4 36.Rb1 Re8
37.Kf2 Rd3 38.Rd6 Rd2+ 39.Kg3 Rxa2 40.Rxa6 Bc2  1/2-1/2

[Event "ch-POL w sf"]
[Site "Lubniewice POL"]
[Date "2002.12.02"]
[Round "3"]
[White "Gorecka,J"]
[Black "Baran,B"]
[Result "1/2-1/2"]
[WhiteElo "2001"]
[BlackElo "2076"]

1.e4 c5 2.Nc3 Nc6 3.Bb5 Nd4 4.Bc4 g6 5.Nf3 Bg7 6.Nxd4 cxd4 7.Qf3 Nh6 8.d3 O-O
9.Ne2 Qb6 10.Bb3 d6 11.h3 Be6 12.g4 Bxb3 13.axb3 f6 14.h4 Rac8 15.Qh3 Rxc2
16.g5 Nf7 17.h5 Ne5 18.hxg6 hxg6 19.f4 Qb4+ 20.Kd1 Rfc8 21.fxe5 Qxb3 22.Ke1 dxe5
23.gxf6 exf6 24.Kf2 a6 25.Ra3 Qf7 26.Ra1 R8c7 27.b4 Qb3 28.Qh7+ Kf8 29.Rh3 g5
30.Rf3 Qg8 31.Qf5 Ke7 32.Ba3 b5 33.Bc1 R7c6 34.Rh3 Qe6 35.Qh7 Qf7 36.Rf3 Bf8
37.Qf5 Qe6 38.Qh7+ Qf7 39.Qf5 Qe6 40.Qh7+ Qf7 41.Qf5  1/2-1/2

[Event "ch-POL sf"]
[Site "Lubniewice POL"]
[Date "2002.12.03"]
[Round "4"]
[White "Bobras,P"]
[Black "Zapolski,K"]
[Result "1-0"]
[WhiteElo "2441"]
[BlackElo "2151"]

1.e4 c5 2.Nc3 Nc6 3.Nf3 g6 4.Bb5 Bg7 5.Bxc6 bxc6 6.d3 d6 7.h3 e5 8.O-O Ne7
9.Nh2 O-O 10.f4 Be6 11.Nf3 h6 12.Be3 Rb8 13.fxe5 Rxb2 14.Qc1 Rb7 15.Qa3 dxe5
16.Rab1 Rxb1 17.Rxb1 c4 18.dxc4 Qc7 19.Bc5 Re8 20.Bd6 Qd7 21.Nxe5 Bxe5 22.Bxe5 Bxc4
23.Qc5 Qe6 24.Rb4 Bb5 25.a4 Nc8 26.Bf4 Ba6 27.Bxh6 Qd6 28.Be3 Qg3 29.Bf2 Qf4
30.Rd4 Nb6 31.a5 Nc8 32.Qxc6 Re6 33.Qc5 Qc1+ 34.Kh2 Qxc2 35.Rd8+ Kh7 36.Bd4  1-0

[Event "Baharov Mem"]
[Site "Borovec BUL"]
[Date "2002.12.04"]
[Round "6"]
[White "Marholev,D"]
[Black "Raev,R"]
[Result "1-0"]
[WhiteElo "2303"]
[BlackElo "2206"]

1.e4 c5 2.Nc3 Nc6 3.Bb5 Nd4 4.Bc4 g6 5.Nge2 Bg7 6.O-O e6 7.Nxd4 cxd4 8.Nb5 d6
9.c3 Nf6 10.Re1 O-O 11.Nxd4 Nxe4 12.Rxe4 d5 13.Bxd5 Qxd5 14.Qf3 e5 15.Re1 Qd8
16.Nb3 f5 17.d4 e4 18.Qg3 b6 19.Bf4 Bb7 20.Be5 Bh6 21.f4 exf3 22.gxf3 f4
23.Qh3 Qg5+ 24.Kf2 Bc8 25.Qg2 Qh5 26.Nd2 Bh3 27.Qh1 Rae8 28.Ne4 Rxe5 29.dxe5 Qxe5
30.Rad1 Kh8 31.Rd2 Qe7 32.Ke2 Qf7 33.b3 a5 34.Qg1 Qb7 35.Rd6 Re8 36.Qd4+ Bg7
37.Qxb6 Rxe4+ 38.fxe4 Qxe4+ 39.Kd2 Bxc3+ 40.Kxc3 Qxe1+ 41.Kb2 Qe5+ 42.Ka3 Qg5  1-0

[Event "ch-POL w sf"]
[Site "Lubniewice POL"]
[Date "2002.12.04"]
[Round "5"]
[White "Andrzejewska,E"]
[Black "Krupa,M"]
[Result "0-1"]
[WhiteElo "2250"]
[BlackElo "2248"]

1.e4 c5 2.Nc3 Nc6 3.Bb5 e5 4.Bxc6 bxc6 5.d3 d6 6.Nge2 Ne7 7.f4 exf4 8.Nxf4 Ng6
9.Nxg6 hxg6 10.Qf3 Qh4+ 11.Qf2 Be7 12.Bf4 Rb8 13.Qxh4 Rxh4 14.Bg3 Rxb2 15.Bxh4 Bxh4+
16.Kd1 Bg4+ 17.Ne2 Bxe2+ 18.Kxe2 Rxc2+ 19.Kf3 Rf2+ 20.Kg4 Bf6 21.Kg3 Rc2
22.Rhc1 Rb2 23.Rcb1 Rb5 24.Rxb5 cxb5 25.Rb1 b4 26.Kf3 a5 27.Ke2 Ke7 28.Kd2 Be5
29.h4 f5 30.exf5 gxf5 31.Rf1 Ke6 32.h5 a4 33.Kc2 d5 34.Rh1 c4 35.dxc4 dxc4
36.h6 b3+ 37.axb3 cxb3+ 38.Kd3 gxh6 39.Rxh6+ Bf6 40.Kc4 b2 41.Rh1 Ke5 42.Kb4 Kd4
43.Kxa4 Kc3 44.Ka3 Kc2 45.Ka2 f4 46.Rf1 Bd4 47.Rb1 Bc3 48.Rh1 Bd2 49.Rf1 Be3
50.Re1 Bc1  0-1

[Event "ch-POL w sf"]
[Site "Lubniewice POL"]
[Date "2002.12.04"]
[Round "5"]
[White "Toma,K"]
[Black "Gorecka,J"]
[Result "1/2-1/2"]
[WhiteElo "2222"]
[BlackElo "2001"]

1.e4 c5 2.Nc3 Nc6 3.Nf3 d6 4.d4 cxd4 5.Nxd4 Nf6 6.Bg5 Qb6 7.Nb3 Be6 8.Be3 Qd8
9.Bg5 h6 10.Bxf6 exf6 11.Be2 Be7 12.O-O O-O 13.f4 f5 14.exf5 Bxf5 15.Nd5 Bf6
16.c3 Be4 17.Bf3 Bxd5 18.Qxd5 Qc7 19.Rad1 Rad8 20.Rfe1 Rd7 21.g3 Ne7 22.Qb5 Nc6
23.Be4 g6 24.Qc4 Kg7 25.Bd5 Qb6+ 26.Kh1 Ne7 27.Re2 Rc8 28.Qd3 a5 29.Bf3 Rcc7
30.Nd4 Rc5 31.a4 h5 32.Nb5 d5 33.Red2 Qe6 34.Kg2 Nf5 35.Re2 Qb6 36.Bxh5 Rd8
37.Bf3 d4 38.cxd4 Nxd4 39.Nxd4 Rxd4 40.Qb1 Rxa4 41.Rd7 Rc7 42.Qd1 Rb4 43.Rd6 Qc5
44.Rd5 Qb6 45.Rd6 Qc5 46.Rd5 Qb6 47.Rd6  1/2-1/2

[Event "ch-POL w sf"]
[Site "Lubniewice POL"]
[Date "2002.12.05"]
[Round "6"]
[White "Hermanowicz,D"]
[Black "Toma,K"]
[Result "1/2-1/2"]
[WhiteElo "2116"]
[BlackElo "2222"]

1.e4 c5 2.Nf3 Nc6 3.Nc3 g6 4.Bb5 Nd4 5.Bc4 Bg7 6.O-O d6 7.Nxd4 cxd4 8.Ne2 Nf6
9.d3 d5 10.Bb5+ Bd7 11.Bxd7+ Nxd7 12.exd5 Nb6 13.Nf4 Nxd5 14.Qf3 Nxf4 15.Bxf4 Qd7
16.Rfe1 O-O 17.h4 Rac8 18.Qe2 e5 19.Bg3 Rfe8 20.Qd2 f5 21.f3 Qd5 22.Re2 Red8
23.a4 Rc5 24.Rae1 f4 25.Bf2 Rdc8 26.Rc1 Qc6 27.Qb4 a5 28.Qb3+ Qd5 29.Qxd5+ Rxd5
30.Rb1 b5 31.b3 Bf8 32.axb5 Rxb5 33.Ra1 Bb4 34.Be1 Bc3  1/2-1/2

[Event "ch-POL sf"]
[Site "Lubniewice POL"]
[Date "2002.12.05"]
[Round "6"]
[White "Sypnicki,D"]
[Black "Spicak,K"]
[Result "0-1"]
[WhiteElo "2166"]
[BlackElo "2142"]

1.e4 c5 2.Nc3 Nc6 3.Bb5 Nd4 4.Bc4 e6 5.Nf3 Ne7 6.Nxd4 cxd4 7.Nb5 Nc6 8.c3 Bc5
9.b4 Be7 10.Nxd4 Nxd4 11.cxd4 Bxb4 12.d5 O-O 13.O-O Qh4 14.Qe2 e5 15.Bb2 d6
16.g3 Qh6 17.d4 f6 18.f3 Bh3 19.Rfd1 Qg6 20.Qe3 f5 21.dxe5 f4 22.Qf2 Bc5
23.Bd4 fxg3 24.hxg3 Bxd4 25.Rxd4 dxe5 26.d6+ Kh8 27.Rd3 Bd7 28.Kg2 Rac8 29.Bb3 b6
30.Rad1 Rf6 31.Qd2 Rcf8 32.Qb2 Qh5 33.Rh1 Qg5 34.Qc1 Qg6 35.Qd1 h6 36.a4 a6
37.Qd2 a5 38.Rh4 Rd8 39.g4 Bc6 40.d7 Bxe4 41.fxe4 Qxe4+ 42.Kg1 Rdf8 43.Rhh3 Rf1+
44.Kh2 Qh1+ 45.Kg3 R1f3+ 46.Kh4 Qxh3+  0-1